000 00491nam a22001931a 4500
001 2630
003 OSt
005 20260204211819.0
008 040315s2001||||sp ||||||b||||||||||spa||
020 _a8483163799
050 _a371.6 D543c
082 _a371.6 D543c
100 _aDíaz Pardo, Felipe
245 _aComo gestionar un centro de secundaria: Orientación práctica
264 _aEspaña : CCS
300 _a192 p
650 _a1.Educación - AdministraciónÌ
942 _2ddc
_cBK
999 _c2630
_d2630